| 000 | 00381nam a2200157Ia 4500 | ||
|---|---|---|---|
| 008 | 210210b1965 xxu||||| |||| 00| 0 eng d | ||
| 041 | _aeng | ||
| 082 | _a570/48 | ||
| 100 | _aMCCOMBS (R P) | ||
| 245 | _aInternal medicine | ||
| 260 |
_aCalcutta _bOxford & IBH Publishing Co _c1965 |
||
| 650 | _amedicine | ||
| 650 | _aInternal | ||
| 690 | _aHuman Physiology | ||
| 906 | _a010240 | ||
| 999 |
_c138008 _d138008 |
||